[Event "Olympiad-41"]
[Site "Tromsoe"]
[Date "2014.08.05"]
[Round "4.1"]
[White "Kramnik, Vladimir"]
[Black "Wang, Yue"]
[Result "1/2-1/2"]
[WhiteElo "2760"]
[BlackElo "2718"]
[Annotator "Sumets,A"]
[PlyCount "99"]
[EventDate "2014.08.02"]
[EventType "team-swiss"]
[EventRounds "11"]
[EventCountry "NOR"]
[SourceTitle "CBM 162"]
[Source "ChessBase"]
[SourceDate "2014.09.17"]
[SourceVersion "1"]
[SourceVersionDate "2014.09.17"]
[SourceQuality "1"]
[WhiteTeam "Russia"]
[BlackTeam "China"]
[WhiteTeamCountry "RUS"]
[BlackTeamCountry "CHN"]

1. Nf3 d5 2. g3 Nf6 3. Bg2 g6 4. c4 c6 5. b3 Bg7 6. Bb2 O-O 7. d3 (7. O-O b6 8.
d4 Bb7 9. Nc3 Nbd7 10. Qc2 Qc7 11. Rac1 Rac8 12. Rfd1 Rfe8 13. e3 e6 14. Qe2
Qb8 15. Ne5 Red8 16. Nd3 Re8 17. e4 e5 $6 (17... dxe4 18. Nxe4 Nxe4 19. Qxe4 e5
$11) 18. Nxe5 Nxe5 19. dxe5 Nxe4 20. Nxe4 dxe4 21. e6 $1 $16 {Khismatullin,D 
(2680)-Zakhartsov,V (2544) Izhevsk RUS 2014 1-0 (40)}) 7... Bg4 (7... a5 8.
Nbd2 Na6 9. a3 Bg4 10. O-O Bxf3 {As far as I am concerned, Black can't get an
equal game by giving up his bishop. He can count on a solid, but worse
position.} 11. Nxf3 e6 12. Qc2 Qe7 13. Bc3 (13. e4 $5 dxe4 14. dxe4 Nd7 15. e5
$14) 13... Nd7 14. Bxg7 (14. d4 $5) 14... Kxg7 15. Qc3+ Qf6 16. Qxa5 Nac5 17.
Qb4 Ra6 18. d4 Rb6 19. Qc3 Nxb3 20. Rab1 dxc4 21. Qxc4 $14 {Kramnik,V (2793)
-Li Chao2 (2679) Antalya TUR 2013 1/2-1/2 (70)}) (7... b6 $5 8. Nbd2 Bb7 9. O-O
c5 10. cxd5 Nxd5 11. Bxg7 Kxg7 12. Qc2 Nc6 13. Qb2+ f6 14. Ng5 Nc7 15. b4 e5 (
15... h6 $1 16. b5 Nd4 17. Bxb7 Nxe2+ 18. Kg2 hxg5 19. Bxa8 Qxa8+ 20. f3 Nd4
$44) 16. b5 Na5 17. Ngf3 Qd7 18. a4 Rad8 $11 {Pantsulaia,L (2595)-Laznicka,V 
(2688) Aix-les-Bains 2011 1-0 (38)}) 8. Nbd2 Bxf3 {I don't like this move.
Let's have a look at other options.} (8... Nbd7 9. O-O a5 (9... Re8 10. h3 Bxf3
11. Nxf3 e5 12. cxd5 cxd5 13. Rc1 e4 (13... Rc8 14. Rxc8 Qxc8 15. Qa1 Qb8 16.
e3 Bf8 17. Rc1 $14 {Pantsulaia,L (2581)-Safarli, E (2620) Tbilisi 2012 1/2-1/2
(32)}) 14. dxe4 dxe4 15. Nd4 (15. Nd2 $5 e3 16. Nc4 exf2+ 17. Rxf2 Ne4 18. Bxe4
Bxb2 19. Bxb7 $16) 15... Qb6 16. Nc2 Rad8 17. Ne3 Ne5 18. Qc2 $14 {Pantsulaia,
L (2595)-Baramidze,D (2614) Warsaw POL 2013 1-0 (55)}) 10. a3 Re8 11. Ne5 Nxe5
12. Bxe5 Qd7 13. Nf3 a4 14. Rb1 Bh3 (14... axb3 $1 15. Qxb3 (15. cxd5 Qxd5 16.
Bb2 Qe6 {and only Black can fight for an advantage.}) 15... dxc4 16. dxc4 Qe6
$11) 15. cxd5 Bxg2 16. Kxg2 Nxd5 17. Bxg7 Kxg7 18. Qc1 axb3 19. Rxb3 Ra7 20.
Qb2+ f6 21. Rc1 Rea8 22. h3 b5 $11 {Fressinet,L (2708)-Maze,S (2565) Nimes FRA
2014 1-0 (43)}) 9. Nxf3 (9. Bxf3 Nbd7 10. O-O e5 11. cxd5 cxd5 12. Bg2 Re8 13.
b4 (13. Rc1 $5 Rc8 14. Rxc8 Qxc8 15. b4 $14) 13... a5 14. bxa5 Qxa5 $11 {
Ortega,L (2480)-D'Amore,C (2485) Siena 2010 1/2-1/2 (65)}) 9... Nfd7 $146 (9...
Qa5+ 10. Qd2 Qxd2+ 11. Nxd2 e6 (11... Na6 12. O-O Rad8 13. d4 e6 14. Rfd1 Rfe8
15. Rac1 Bh6 16. e3 Nc7 17. b4 Bf8 18. a3 $14 {Leon Hoyos,M (2548)-Capellades
Subirana,M (2260) Barbera del Valles 2011 1-0 (68)}) 12. Rb1 a5 13. a3 Nbd7 14.
e3 b5 15. cxb5 cxb5 16. Ke2 Rfc8 17. Rhc1 Rab8 (17... Ne8 $11) 18. f4 (18.
Rxc8+ $5 Rxc8 19. Rc1 Rxc1 20. Bxc1 $14) 18... Ne8 19. Bxg7 Kxg7 $11 {Ivanov,M
(2347)-Bonagura,S (2183) Arco 2013 1/2 (36)-1/2 (36)}) 10. d4 a5 (10... Qa5+
11. Qd2 Qxd2+ 12. Nxd2 e6 13. O-O Nf6 14. Rfe1 {with a slightly better
position.}) (10... dxc4 11. bxc4 c5 12. O-O Nc6 13. e3 Rc8 14. Rb1 $14 {
White is better due to his strong light-squared bishop.}) 11. O-O e6 12. Qc2 a4
13. e4 {Mostly a forced move.} (13. b4 $6 Nb6 14. c5 Nc4 $11) 13... dxe4 14.
Qxe4 Na6 (14... axb3 15. axb3 Rxa1 16. Rxa1 Na6 17. Bc3 Re8 18. b4 {Black has
no conterplay. Sooner or later White will prepare b5. The position might be
assessed as 'White has a big advantage'.}) 15. Ba3 Re8 16. b4 Qb6 $6 {To avoid
a lot of trouble Black should have played 16...e5:} (16... e5 17. dxe5 Nxe5 18.
Rad1 Qb6 (18... Qe7 19. Nxe5 Bxe5 20. Rfe1 Bd6 21. Qb1 Qc7 22. c5 Bf8 23. Rxe8
Rxe8 24. Qc2 $16 {Probably the final position is winning for White.}) 19. Nxe5
Rxe5 20. Qf4 Rd8 (20... Rf5 $6 21. Qd2 Nc7 22. Rfe1 Ne6 23. c5 Qa7 24. Bb2 $16)
21. b5 Nc5 22. bxc6 bxc6 23. Rxd8+ Qxd8 24. Qf3 $14 {With a comfortable edge.})
17. Rab1 Nc7 18. Ne5 Rad8 19. Nxf7 $2 {This gives White an exchange but not a
winning position.} ({Kramnik could have reached a winning position after the
simple} 19. b5 $1 Nxe5 (19... f5 20. Nxd7 Rxd7 21. bxc6 $1 $18) (19... cxb5 20.
Nxd7 Rxd7 21. Bc5 Qa6 22. Qxb7 Bxd4 23. Qc6 $1 Red8 24. cxb5 Qa5 25. Bxd4 Rxd4
26. b6 $18) 20. Bc5 Qa5 $8 21. dxe5 cxb5 22. Qxb7 Rb8 23. Bb4 $1 $18) 19... Nf6
$1 (19... Kxf7 20. c5 Qa6 21. Qf4+ $16) 20. Qf4 (20. Qe5 $6 Kxf7 21. c5 Nfd5
22. cxb6 Bxe5 23. bxc7 Bxc7 $11) 20... Rxd4 21. c5 ({Vladimir could have
sacrificed a pawn with good compensation after} 21. Nh6+ $5 Bxh6 22. Qxh6 Rxc4
23. Bb2 e5 (23... Rf8 $6 24. Rbd1 Ncd5 25. Bh3 Re4 26. a3 $16 {with the Re1
following}) 24. a3 Nb5 25. Qd2 Nd4 26. Rfe1 $44 {but he prefered to take an
exchange.}) 21... Rxf4 22. cxb6 Nb5 23. Nd6 $1 (23. gxf4 Kxf7 24. Bb2 {Black
gets the same position that he had in the game but his king is placed on f7,
that is in Black's favour.} Nd7 25. Bxg7 Kxg7 {As we saw in the previous
comment, it is not so attractive for White.} 26. Rfe1 Nxb6 27. Rbc1 Re7 28. Bf1
Nc7 {with a very solid position.}) 23... Nxd6 24. gxf4 Nb5 25. Bb2 {White has
won an exchange but Black's postion has not become as bad as it was before.
Most of all the white pawns are weak.} Nd7 26. Rfe1 (26. Bxg7 Kxg7 {As we saw
in the previous comment, this is not so attractive for White.}) 26... Nxb6 27.
Bh3 Bxb2 28. Rxe6 Rxe6 29. Bxe6+ Kg7 30. Rxb2 Kf6 31. Bg4 Nd5 32. Bf3 $6 {
Perhaps Vladimir Kramnik miscalculated somewhere. He had to choose between 32.
Bd1 or Be2. In both cases he had good chances to win the game.} (32. Be2 $5
Nbc3 (32... a3 33. Rd2 Nbc3 34. Bc4 Nxf4 35. Rd7 b5 36. Bg8 Ke5 37. Rc7 Kd6 38.
Ra7 Ncd5 39. Rxa3 Nxb4 40. Bxh7 $16) (32... Nxf4 33. Bxb5 cxb5 34. Rd2 Ke6 35.
a3 $16) 33. Bc4 $1 Nxf4 34. b5 Ke5 35. bxc6 bxc6 36. Rb7 $14) (32. Bd1 $5 a3 (
32... Nbc3 33. Bf3 Nxf4 34. Rc2 Nb5 (34... Nfd5 35. Bxd5 Nxd5 36. a3 $16) 35.
Rc4 g5 36. h4 h6 37. Kf1 $16) 33. Rd2 Ke7 (33... Nxb4 $6 34. Rd7 Nxa2 $2 35.
Bb3 Nac3 36. Rf7#) 34. Bb3 Nxb4 35. Re2+ Kd6 $14) 32... a3 $1 33. Rd2 (33. Rb1
{also looks passive:} Ndc3 34. Ra1 Kf5 $11) 33... Nxb4 34. Bd1 c5 ({After the
simple} 34... Nc3 $1 {Black is out of danger and White needs to work hard to
get a draw.} 35. Rd7 $8 (35. Bb3 $2 Ke7 $1 36. Kf1 (36. Bg8 b5 37. h4 c5 38.
Bxh7 Nbxa2 39. Bxg6 Nb4 $19) 36... b5 37. Ke1 c5 $19) 35... Nxd1 36. Rxd1 b5
37. Kf1 Kf5 (37... Nxa2 38. Ra1 $11) (37... c5 $2 38. Rb1 $1 Kf5 39. Rb3) 38.
f3 Nd5 39. Rc1 b4 40. Ke2 $1 (40. Rxc6 Nc3 41. Ke1 Nxa2 42. Ra6 (42. Rb6 $2 Nc1
43. Kd1 Nb3 $19) 42... Kxf4 43. Kd2 Kxf3 $17) 40... Nc3+ 41. Kd3 Nxa2 42. Rc5+
Kxf4 43. Kc2 Nc3 44. Rxc6 Kxf3 45. Kb3 Nd5 46. Ra6 Kg2 47. Ra5 $11 {It seems
to me that this line is too complicated to be found over the board.}) 35. Rd7
b6 36. Rb7 $6 (36. Bb3 $1 Kf5 $8 37. Bg8 Nd4 (37... h5 $2 38. Rb7 $16) 38. Rf7+
Ke4 39. Ra7 h5 40. Rxa3 Kxf4 $14 {The most likely result is a draw but White
still can try his chances.}) 36... Nd4 37. Rxb6+ Kf5 38. Rb7 Nxa2 39. Bb3 Nb4
40. Bc4 $2 {The wrong square for the bishop.} (40. Bg8 a2 (40... Ndc6 $6 41.
Rb5 Nd3 42. Rb3 a2 43. Ra3 Nxf4 44. Rxa2 h5 45. Rc2 $14) 41. Ra7 Ne2+ 42. Kg2
Nxf4+ 43. Kf3 Ne6 44. Ke2 h5 $11) 40... Nf3+ $2 ({Black should have played 40..
.Ndc6 preventing Ra7. In that case Kramnik would have huge problems.} 40...
Ndc6 $1 41. Rxh7 (41. Rb5 $2 Ke4 42. Rxc5 Kd4 $19) (41. Rc7 Ke4 42. Bg8 Kd4 43.
f5 gxf5 44. Rxh7 Kc3 45. Rh3+ Nd3 46. Rh6 Ncb4 47. Rh7 c4 48. Ra7 a2 49. h4 Kd4
50. h5 c3 51. Bb3 Nc5 52. h6 c2 $1 53. Bxc2 Nba6 $19) (41. Bg8 Ke4 $1 42. Rxh7
a2 (42... Na5 $6 43. f5 $1 gxf5 44. Re7+ Kd4 45. h4 c4 46. h5 a2 47. Re1 Nc2
48. Rd1+ Ke5 $8 (48... Ke4 49. h6 a1=Q 50. Rxa1 Nxa1 51. h7 $18) 49. Rd5+ Kf6
50. Rxa5 a1=Q+ 51. Rxa1 Nxa1 52. Bxc4 Kg5 $11) 43. Bxa2 Nxa2 44. Rg7 Kf5 $1 45.
Rf7+ Ke6 46. Rc7 (46. Rg7 $2 Ne7 $19) 46... Nab4 47. h4 {The only chance for
White to make a draw is an endgame N+N+K against K. However White's pawn are
not advanced and probably the endgame will be lost.} ({White's king can't stop
the c-pawn.} 47. Kf1 $2 c4 48. Ke1 c3 49. h4 c2 50. Kd2 Nd4 $19)) 41... a2 (
41... Na5 42. Bg8 c4 43. Rc7 a2 44. Rc5+) 42. Rf7+ Ke4 (42... Kg4 $4 43. Be6+
Kh5 44. Rh7#) 43. f3+ Ke3 44. Bxa2 Nxa2 45. f5 gxf5 46. Rxf5 Kd4 {I am not
sure that White can save the game. If he sacrifices his rook for his
opponent's last pawn the endgame would be lost according to Troitsky analyses.}
) 41. Kg2 Nd2 42. Bg8 $11 Nd3 (42... Kxf4 $6 43. Ra7 Nb1 44. Bxh7 a2 45. Bxg6
c4 46. h4 {and Black needs to play precisely.}) 43. Ra7 Nxf4+ 44. Kh1 h5 45.
Rxa3 Ke4 46. Rc3 c4 47. Rxc4+ Nxc4 48. Bxc4 h4 49. Kg1 g5 50. Ba6 1/2-1/2

[Event "George Marx Memorial 4th"]
[Site "Paks"]
[Date "2006.08.01"]
[Round "5"]
[White "Berkes, Ferenc"]
[Black "Acs, Peter"]
[Result "1/2-1/2"]
[WhiteElo "2601"]
[BlackElo "2520"]
[Annotator "Szabo,Kr"]
[PlyCount "85"]
[EventDate "2006.07.28"]
[EventType "tourn"]
[EventRounds "10"]
[EventCountry "HUN"]
[EventCategory "15"]
[SourceTitle "CBM 113 Extra"]
[Source "ChessBase"]
[SourceDate "2006.09.14"]
[SourceVersion "1"]
[SourceVersionDate "2006.09.14"]
[SourceQuality "1"]

1. c4 c6 2. Nf3 d5 3. e3 Nf6 4. Nc3 a6 5. h3 g6 6. b3 Bg7 7. Bb2 O-O 8. Be2 b5
9. O-O Bb7 10. d4 Nbd7 11. Qc2 Rc8 12. c5 a5 13. a3 Ne8 14. b4 e5 15. dxe5 Nxe5
16. Nxe5 Bxe5 17. Rad1 axb4 18. axb4 Qh4 19. f4 (19. Nb1 f6) 19... Bg7 20. e4
d4 21. Na2 Rd8 22. Nc1 Nc7 23. Nd3 (23. Bd3 $1 $14) 23... Bc8 24. Bf3 Be6 $1
25. Kh2 Bc4 26. g3 Qe7 27. Ra1 Ra8 28. Rfd1 Rfd8 29. Rxa8 Rxa8 30. Nc1 {
Diagram #} g5 31. f5 (31. Bxd4 gxf4 32. gxf4 Bxd4 33. Rxd4 Ne6 $44) 31... Ne8
32. Bxd4 Bxd4 33. Rxd4 Ra3 34. Kg2 h6 35. e5 Qxe5 (35... Rxf3 36. Kxf3 Qxe5 37.
Qe4 Bd5 38. Rxd5 Qxd5 39. Qxd5 cxd5 40. Ke3 $18) 36. Qe4 Qxe4 37. Bxe4 Nf6 38.
Bxc6 Rc3 39. Rd1 Rc2+ 40. Kf3 Rc3+ 41. Kf2 g4 42. h4 Nh5 43. Ne2 (43. Ne2 Rc2 (
43... Bxe2 44. Kxe2 Rc4 45. Bxb5 Rxb4) 44. Re1 (44. Rd8+ Kg7 45. Re8 Kf6 46.
Bd7 Ng7 47. Re4 Nxf5 48. Ke1 Bxe2 49. Rxe2 Rxe2+ 50. Kxe2) 44... Rb2 45. Bb7
Nf6 46. c6 Nd5) 1/2-1/2

[Event "DDR-BUL m"]
[Site "Nordhausen"]
[Date "1987.11.16"]
[Round "4.1"]
[White "Georgiev, Kiril"]
[Black "Tischbierek, Raj"]
[Result "1-0"]
[WhiteElo "2605"]
[BlackElo "2480"]
[Annotator "Tischbierek,R"]
[PlyCount "77"]
[EventDate "1987.11.12"]
[EventType "team"]
[EventRounds "4"]
[EventCountry "DDR"]
[SourceTitle "EXT 2006"]
[Source "ChessBase"]
[SourceDate "2005.11.24"]
[SourceVersion "1"]
[SourceVersionDate "2005.11.24"]
[SourceQuality "1"]
[WhiteTeam "Bulgaria"]
[BlackTeam "German Dem Rep"]
[WhiteTeamCountry "BUL"]
[BlackTeamCountry "DDR"]

{SCHACH 1/1988} 1. Nf3 d5 2. g3 Bg4 3. Bg2 Nd7 4. c4 c6 5. cxd5 cxd5 6. Nc3 e6
7. d3 Ngf6 8. O-O Be7 9. h3 Bh5 10. g4 Bg6 11. Nh4 Bc5 12. Na4 Bd6 13. e4 d4
14. f4 e5 $1 15. f5 $6 {Naheliegend, aber fragwürdig.} ({Richtig war} 15. b4 $1
exf4 16. Bxf4 Bxf4 17. Rxf4 {mit unklaren Konsequenzen.}) 15... b5 16. Nc3 $2 {
Danach bekommt Weiss schon ernsthafte Probleme. Sein Bauernzentrum erweist
sich als schwach.} dxc3 17. bxc3 Rc8 18. Qe1 Nc5 19. Rf3 Na4 20. Bd2 a6 21. d4
Nd7 22. Bf1 Ndb6 $2 {Nach dem Fehler im 16. Zug hat sich das Spiel
folgerichtig entwickelt und das weisse Zentrum steht unter Druck. Der Textzug
aber stellt eine grobe Nachlässigkeit dar, die zwei wichtige Tempi kostet.} ({
Gut war dagegen z.B.} 22... Qe7) ({oder} 22... Qb6 $1 23. Qf2 exd4 24. cxd4 Rc2
{und Weiss ist in Nöten.}) 23. Ng2 Qc7 24. h4 f6 $6 {Plötzlich ist Schwarz um
einen guten Plan verlegen, und Weiss drohte 25. h5. Zudem begann hier langsam
die Uhr gegen mich zu laufen.} 25. fxg6 hxg6 26. g5 fxg5 $1 27. Qg3 Rh5 $2 28.
Bxg5 $1 {Die einfache Widerlegung des gekünstelten schwarzen Manövers.} Nd7 {
Reumütige Rückkehr} (28... exd4 29. Bf4 {wäre vernichtend.}) 29. Qg4 Nf8 30.
dxe5 Bxe5 31. Bxb5+ $6 {Bei der inzwischen dramatischen Zeitnot natürlich sehr
wirkungsvoll, aber nicht ganz korrekt.} axb5 32. Raf1 Bf6 33. Bxf6 gxf6 34.
Rxf6 Qc5+ 35. Kh1 Rc6 $4 (35... Rh8 $1 {noch ernsthafter Widerstand zu leisten,
denn nach} 36. Rxf8+ ({und auch} 36. Re6+ Kd8 $1 {taugt nichts.}) ({Vielleicht
} 36. Nf4) ({oder} 36. Rd1 {,aber ein forcierter Gewinn ist nicht zu sehen.})
36... Rxf8 37. Qe6+ Kd8 38. Rd1+ Kc7 {entwischt der schwarze König,}) 36. Rxf8+
Qxf8 37. Rxf8+ Kxf8 38. Nf4 Rh6 39. Qg5 {1:37-1:59} 1-0

[Event "Oslo m"]
[Site "Oslo"]
[Date "1994.??.??"]
[Round "3"]
[White "Agdestein, Simen"]
[Black "Adams, Michael"]
[Result "0-1"]
[WhiteElo "2595"]
[BlackElo "2660"]
[Annotator "Tisdall,J"]
[PlyCount "80"]
[EventDate "1994.??.??"]
[EventType "match"]
[EventRounds "4"]
[EventCountry "NOR"]
[SourceTitle "CBM 042"]
[Source "ChessBase"]
[SourceDate "1994.10.01"]
[SourceVersion "1"]
[SourceVersionDate "1994.10.01"]
[SourceQuality "1"]

1. Nf3 {Ftacnik} d5 2. c4 dxc4 3. Qa4+ Nd7 {I believe that ...Nc6 is the
critical move. The text is a bit submissive and white extracts his slight
advantage.} 4. g3 Ngf6 5. Bg2 c6 6. Qxc4 e5 7. O-O Bd6 8. Qc2 O-O 9. d4 (9. Nc3
{probably stronger - MA. White will be better after 10.d4.}) (9. b3 {Ftacnik /
\ Bb2}) 9... exd4 10. Nxd4 Bc5 11. Rd1 $5 {leads to great complications. MA
mentioned the quieter alternatives} (11. Nb3 {and}) (11. Nf5 $5) 11... Qb6 12.
e3 Ne5 13. f4 {"Forced as} (13. Nc3 Bg4 14. Na4 Bxd1 15. Qxd1 Qa5 {wins the
exchange."}) 13... Bg4 $5 (13... Ng6 14. Nc3 Bg4 15. Rd3 Bxd4 16. Rxd4 Rad8 $14
{MA}) 14. fxe5 Bxd1 15. Qxd1 Rad8 $1 16. exf6 Bxd4 17. Qb3 (17. exd4 $4 Rxd4 {
is of course suicide for white.} (17... Rxd4 {Ftacnik} 18. Qf1 Rd1+ 19. Kh1
Rxf1+ 20. Bxf1 Qf2 21. Nd2 Re8 $19)) 17... Bxf6 (17... Rfe8 {Ftacnik} 18. Qxb6
Bxb6 19. Nc3 (19. Kf2 $2 Rd1 20. Nc3 Rxc1 $1 $19) 19... Bxe3+ 20. Bxe3 Rxe3 21.
fxg7 $13) 18. Qxb6 axb6 $6 {"Both players forgot about the possibility of} (
18... Rd1+ $1 19. Kf2 axb6 20. Nc3 Bxc3 21. bxc3 Rfd8 22. Bf3 R8d2+ 23. Bxd2
Rxa1 24. e4 {when a draw is the most likely result." - MA}) 19. Bf3 {"Better
was} (19. Kf2 {"}) (19. Nc3 $5 {Ftacnik}) 19... Rd3 20. Kf2 Re8 (20... Ra8 $1
21. a3 (21. Ke2 {Ftacnik} Rb3 22. Nd2 Rb5 $36) 21... b5 {was MA's suggested
improvement after the post-mortem.}) 21. a4 $1 (21. a3 {was preferred by the
discussion in the commentary room led by Erling Kristians en, but SA prefers
to create the option of disrupting black's queenside with a5-a6.}) 21... Ra8 (
21... Bg5 $5 22. Nc3 Bxe3+ 23. Bxe3 Rdxe3 (23... Rexe3 $4 24. Be2) 24. Ra3 $5 {
creating immediate pressure against black's queenside is another benefit of
pushing the a-pawn two squares.}) 22. Be4 Rd6 23. Ra2 (23. Ra3 $2 {Ftacnik} Rd1
24. Bd2 Bxb2 $15) 23... b5 24. a5 g6 25. b4 Re8 26. Bf3 $4 {"White has the
advantage after} (26. Bc2 {for example,} Rd5 (26... Bg5 27. Nc3 Rde6 28. Nd1)
27. Bd2 c5 28. bxc5 Rxc5 29. Kf3 {"}) (26. Bc2 $13 {Ftacnik}) 26... Rd3 $1 {
"Now black is winning."} 27. Ra3 {To meet the threat of ...Rb3, harvesting
weak pawns.} Red8 28. Be2 (28. Ke1 Rxa3 29. Bxa3 (29. Nxa3 Bc3+) 29... Rd3 {
is very strong MA, as is (e.g.)} 30. Ke2 (30. Bc1 {Ftacnik} Rb3 $17) 30... Rb3
31. Be4 Bb2 $1) (28. a6 bxa6 29. Rxa6 Rb3 {"}) 28... Rd1 $1 {Agdestein had
overlooked this in time trouble.} 29. Bxd1 Rxd1 30. Bd2 Rxb1 31. Rd3 Rb2 32.
Kf3 $6 (32. Ke1 $5 Be7 33. Rd7 Bxb4 34. Bxb4 Rxb4 35. Rxb7 Ra4 {was a better
practical chance though Adams assessed this as winning for black.}) 32... Kf8
33. e4 (33. Rd7 {Ftacnik} Ke8 34. Rxb7 Rxd2 35. a6 Rd8 36. a7 Be5 $19) 33...
Ke8 34. Kf4 Bg7 35. g4 {Preventing ...Rd2 followed by Bh6.} Rc2 36. g5 Bf8 37.
Ke5 (37. Rd4 {Ftacnik} Rc4 $19) 37... Rb2 38. Kf6 Bxb4 39. Bf4 Rf2 40. Ke5 Bxa5
0-1

[Event "RUS-ch"]
[Site "Elista"]
[Date "1994.??.??"]
[Round "7"]
[White "Vaulin, Alexander"]
[Black "Pushkov, Nikolai"]
[Result "0-1"]
[WhiteElo "2550"]
[BlackElo "2485"]
[Annotator "Vasiukov,E"]
[PlyCount "82"]
[EventDate "1994.09.??"]
[EventType "swiss"]
[EventRounds "11"]
[EventCountry "RUS"]
[SourceTitle "CBM 044"]
[Source "ChessBase"]
[SourceDate "1995.02.01"]
[SourceVersion "1"]
[SourceVersionDate "1995.02.01"]
[SourceQuality "1"]

1. g3 {Horn,Pe} d5 2. Nf3 c6 3. Bg2 Bg4 4. c4 e6 5. cxd5 exd5 (5... Bxf3 6.
Bxf3 cxd5 $10) 6. O-O Nd7 7. d3 Ngf6 8. Nc3 (8. h3 {Horn,Pe}) 8... Be7 (8...
Bd6 {Horn,Pe} 9. Be3 O-O 10. Qb3 Qc8 11. Rac1 Re8 12. Bd4 h6 13. Rfe1 Nh7 14.
Qa4 Qd8 15. Be3 Nhf6 16. Qb3 Qb8 {Romanishin-Nogueiras/Leningrad/1987}) (8...
Bc5 {Horn,Pe} 9. Qb3 Nb6 10. Qc2 O-O 11. e4 dxe4 12. dxe4 Nfd7 13. Bg5 f6 14.
Bf4 $10 {Dizdar-Rogic/Zagreb/1993}) 9. Qc2 (9. h3 {Horn,Pe} Bh5 10. Re1 O-O 11.
e4 dxe4 12. dxe4 Nc5 13. Qe2 Re8 14. g4 Bg6 $13 {Belchik-Bagirov/Riga/1981})
9... O-O 10. e4 Nb6 (10... dxe4 {Horn,Pe} 11. dxe4 Nb6) 11. Ne5 (11. h3 $5 Be6
(11... Bh5 12. Nh4 $1 $14) (11... Bxf3 12. Bxf3 {^^+/=/}) 12. Nd4 Bc8 13. e5
$14) (11. e5 {Horn,Pe} Nfd7 12. d4 $14) 11... Be6 12. f4 $6 (12. b3 $5) 12...
dxe4 13. dxe4 Nc4 $1 14. Nxc4 (14. Nf3 Ng4) (14. Nd3 {Horn,Pe} Qb6+ 15. Kh1 Ng4
16. Nd1) 14... Bxc4 15. Rf3 $8 (15. Rd1 $2 Qb6+ 16. Kh1 Ng4 17. Na4 (17. Rd2
Rad8 $19) 17... Nf2+ 18. Kg1 Nh3+ 19. Kh1 Qf2 $1 $19 20. Qxc4 (20. Qd2 Rad8 21.
Qe1 Rxd1 22. Qxd1 Rd8 $19) 20... Qg1+ $3 21. Rxg1 Nf2#) (15. Re1 $6 Bc5+ 16.
Kh1 (16. Be3 Bxe3+ 17. Rxe3 Qb6 18. Nd1 Ng4 $19) 16... Ng4 17. Na4 (17. h3 Qd3
$1 18. Qxd3 Nf2+ 19. Kh2 Nxd3 $17) 17... Qd3 $1 18. Qxd3 Nf2+ 19. Kg1 Nxd3+ 20.
Be3 $8 Nxe1 21. Bxc5 Nxg2 22. Bxf8 Nxf4 $17) 15... Ng4 16. Bf1 (16. h3 $6 Qd4+
17. Kh1 Bc5 18. Bd2 Rfd8 $17) 16... Qd4+ 17. Kg2 Rad8 (17... Bxf1+ {Horn,Pe}
18. Rxf1 Ne3+ 19. Bxe3 Qxe3 20. Rae1) 18. Bxc4 Qxc4 19. h3 Nf6 20. b3 Qa6 21.
Bb2 Rd7 $1 22. Rd1 Rxd1 23. Qxd1 Rd8 24. Qf1 $5 (24. Qc2 Bb4 25. e5 Nd5 26. a4
$15) 24... Qxf1+ 25. Kxf1 (25. Rxf1 {Horn,Pe} Bb4 (25... Rd2+ 26. Rf2 Rxf2+ 27.
Kxf2 Bb4 28. Ke3) 26. e5 Rd2+ 27. Rf2 Rxf2+ 28. Kxf2 Bxc3 $19) 25... Bb4 26. e5
$1 (26. Re3 {Horn,Pe} Rd2 27. Re2 Bxc3 28. Bxc3 Rxe2 29. Kxe2 Nxe4 $19) 26...
Rd2 27. exf6 $1 (27. Bc1 Rc2 28. Ne2 Ne4 $17) 27... Rxb2 28. Ne4 Rxa2 29. Rd3
gxf6 30. Rd7 b5 31. Nxf6+ Kg7 32. Nh5+ Kf8 33. f5 a5 34. f6 Ke8 35. Rc7 (35.
Rb7 $5) 35... a4 36. bxa4 bxa4 37. Ng7+ Kd8 38. Rxf7 a3 39. Rb7 Bd6 (39... Rb2
$2 40. Ne6+ Kc8 41. Rxb4 Rxb4 42. f7 $18) 40. f7 (40. Ne6+ {Horn,Pe} Kc8 41.
Rc7+ Bxc7 42. Nxc7 Rd2 43. f7 Rd8 44. Ne6 a2) 40... Kc8 $1 41. Nf5 $2 (41. Ra7
{Horn,Pe} Bc5 42. f8=Q+ Bxf8 43. Ra8+ Kb7 44. Rxf8 Rc2 45. Rf3 a2 46. Ra3 Rc1+)
41... Bc5 $1 (41... Bc5 42. Ne7+ (42. Re7 Rf2+ 43. Ke1 Rxf5 $19) 42... Kxb7 43.
f8=Q Rf2+ 44. Qxf2 Bxf2 45. Kxf2 a2 $19) 0-1